000 00634nam a2200277Ia 4500
005 20260401122406.0
008 008 250103s9999 xx 000 0 eng d
037 _aTB
040 _aEDL
040 _beng
040 _cEDL
041 _2eng
041 _aeng
084 _a320.51 FOU
084 _qEDL
100 _aFoucault, Michel
245 0 _aBirth of Biopolitics: Lectures at the College De France
245 0 _cFoucault, Michel
260 _aNew York
260 _bPalgrave MacMillan
260 _c2008
942 _cTB
942 _h320.51 FOU
999 _c1846974
_d1846974